logo

Bir Sreshtho Munshi Abdur Rouf Library
Jhenaidah Cadet College

Human Physiology / (Record no. 6088)

MARC details
000 -LEADER
fixed length control field 00636nam a22002417a 4500
001 - CONTROL NUMBER
JCCL Control Number 6088
003 - CONTROL NUMBER IDENTIFIER
JCCL marc code BD-JhCC
005 - DATE AND TIME OF LATEST TRANSACTION
control field 20180101185602.0
008 - FIXED-LENGTH DATA ELEMENTS--GENERAL INFORMATION
fixed length control field 180101s1973 ii a|||| |||| 00| 0 eng d
035 ## - SYSTEM CONTROL NUMBER
system control number (BD-JhCC)6088
040 ## - CATALOGING SOURCE
Original cataloging agency BD-JhCC
Modifying agency BD-JhCC
041 ## - LANGUAGE CODE
Language code of Book eng
082 ## - DEWEY DECIMAL CLASSIFICATION NUMBER
Classification number 612
Author mark and Year CHA 1973
100 ## - MAIN ENTRY--PERSONAL NAME
Personal name Chatterjee, Chandi Charan
245 ## - TITLE STATEMENT
Title Human Physiology /
Statement of responsibility, etc Chandi Charan Chatterjee
260 ## - PUBLICATION, DISTRIBUTION, ETC. (IMPRINT)
Place of publication, distribution, etc Kolkata
Name of publisher, distributor, etc New Central Book Agency
Date of publication, distribution, etc 1973
300 ## - PHYSICAL DESCRIPTION
Pagination 1700 p. ;
Other physical details ill. :
Dimensions 20 cm
490 ## - SERIES STATEMENT
Volume number/sequential designation Volume II
500 ## - GENERAL NOTE
General note Includes Illutration
504 ## - BIBLIOGRAPHY, ETC. NOTE
Bibliography, etc Includes Index
650 ## - SUBJECT ADDED ENTRY--TOPICAL TERM
Topical term or geographic name as entry element Human Physiology
942 ## - ADDED ENTRY ELEMENTS (KOHA)
Source of classification or shelving scheme Dewey Decimal Classification
Koha item type Books
Holdings
Source of classification or shelving scheme Damaged status Not for loan Home library Current library Shelving location Date of accession Total Checkouts Full call number Barcode Date last seen Copy number Koha item type
Dewey Decimal Classification     JCC Rouf Library JCC Rouf Library General Stacks 01/01/2018   612 CHA 1973 8471 01/01/2018 C - 1 Books

JCC Library | Contacts | JCC Home

Last Update on 23 September 2017
Copyright @ 2017-2020 JCC Rouf Library
Rouf Library, Jhenidah Cadet College (JCC), Bangladesh